000
00322nam a22001337a 4500
008
170921b xxu||||| |||| 00| 0 eng d
020
_a
389693418X
041
_a
eng
080
_a
7
100
_a
45
101
_a
ART
245
_a
SONNTAGE EINES FROSSSTADTISCHEN ARBEITERS IN DER NATUR
_c
BUCHVERLAG, W
942
_2
udc
_c
BK
999
_c
28629
_d
28629